00381pab a2200121 454500008004000000100002000040245010500060260000900165300001400174362000800188650002100196773004200217180718b2006 xxu||||| |||| 00| 0 eng d aBatley, Richard aEngaged or divorced? Cross-service findings on government relations with non-state service-providers c2006 ap.241-51. aAug aPublic utilities aPublic Administration and Development